| 000 | 01120cam a22002413a 4500 | ||
|---|---|---|---|
| 001 | 21536 | ||
| 003 | PGUSA | ||
| 005 | 20140828083446.0 | ||
| 008 | 070519s2007||||xxu|||||s|||||000 | eng d | ||
| 040 |
_aPGUSA _beng |
||
| 042 | _adc | ||
| 050 | 4 | _aPR | |
| 100 | 1 |
_aBenson, Arthur Christopher, _d1862-1925 |
|
| 245 | 1 | 0 |
_aPaul the Minstrel and other stories : _bReprinted from The Hill of Trouble and The Isles of Sunset _h[electronic resource] / _cArthur Christopher Benson |
| 260 |
_bProject Gutenberg, _c2007 |
||
| 505 | 0 | _aPaul the minstrel -- The Isles of Sunset -- The waving of the sword -- Renatus -- The Slype House -- Out of the sea -- The troth of the sword -- The Hill of Trouble -- The gray cat -- The Red Camp -- The light of the body -- The snake, the leper, and the grey frost -- Brother Robert -- The closed window -- The brothers -- The Temple of Death -- The tomb of Heiri -- Cerda -- Linus. | |
| 506 | _aPublic domain in the USA. | ||
| 516 | _aElectronic text | ||
| 653 | _aShort stories | ||
| 830 | 0 |
_aProject Gutenberg _v21536 |
|
| 856 | 4 | 0 | _uhttp://www.gutenberg.org/ebooks/21536 |
| 942 | _cEB | ||
| 999 |
_c250791 _d250791 |
||